| 000 | 01269cam a2200337 a 4500 | ||
|---|---|---|---|
| 001 | 12213760 | ||
| 003 | ARRUPE | ||
| 005 | 20160816085538.0 | ||
| 008 | 000829s1999 rh b 100 0 eng d | ||
| 010 | _a 00378145 | ||
| 020 | _a0797420398 | ||
| 035 | _a(OCoLC)ocm45248835 | ||
| 040 |
_aDLC _cDLC _dINU _dOCL _dEEM _dDLC |
||
| 042 |
_alccopycat _alcode |
||
| 043 | _afb----- | ||
| 050 | 0 | 0 |
_aPR9340.5 _b.Z55 1999 |
| 111 | 2 |
_aZimbabwe International Book Fair _d(1999 : _cHarare, Zimbabwe) _925023 |
|
| 245 | 1 | 0 |
_aIndaba99 : _bwomen's voices, gender, books, and development : Harare, Zimbabwe, 31 July-1 August 1999. |
| 246 | 3 | 0 | _aWomen's voices, gender, books, and development |
| 246 | 3 | _aIndaba 99 | |
| 260 |
_aCauseway, Harare, Zimbabwe : _bZimbabwe International Book Fair Trust, _c1999. |
||
| 300 |
_a296 p. ; _c21 cm. |
||
| 504 | _aIncludes bibliographical references. | ||
| 650 | 0 |
_aBook industries and trade _zAfrica _vCongresses. _99650 |
|
| 650 | 0 |
_aBooks _vCongresses. _xMarketing _zAfrica _925024 |
|
| 710 | 2 |
_aZimbabwe International Book Fair Trust. _99652 |
|
| 906 |
_a7 _bcbc _ccopycat _d3 _encip _f20 _gy-gencatlg |
||
| 942 |
_2lcc _cMONOGRAPH |
||
| 999 |
_c124997 _d124997 |
||